[Event "SRI-ch"]
[Site "Colombo"]
[Date "2014.03.22"]
[Round "10"]
[White "Koggala, WSVK"]
[Black "Weerawardane, Romesh"]
[Result "0-1"]
[WhiteElo "2021"]
[BlackElo "2125"]
[PlyCount "97"]
[EventDate "2014.03.15"]
[EventType "tourn"]
[EventRounds "13"]
[EventCountry "SRI"]
[SourceTitle "EXT 2016"]
[Source "ChessBase"]
[SourceDate "2015.10.08"]
[SourceVersion "1"]
[SourceVersionDate "2015.10.08"]
[SourceQuality "1"]

1. Nf3 g6 2. e4 Bg7 3. Nc3 c5 4. a4 d6 5. h3 Nc6 6. Bc4 e6 7. d3 Nge7 8. 0-0 0-0 9. Bd2 a6 10. Qc1 Nd4 11. Nxd4 cxd4 12. Ne2 Bd7 13. Bh6 Nc6 14. Bxg7 Kxg7 15. Qf4 Qc7 16. Qg3 e5 17. f4 f6 18. Rf2 Qb6 19. fxe5 dxe5 20. Raf1 Rae8 21. Qh4 Na5 22. Bd5 Qd6 23. g4 h6 24. Ng3 Nc6 25. Kh1 Ne7 26. Bb3 Bc6 27. Rg2 Rc8 28. Nf5+ Nxf5 29. gxf5 g5 30. Qf2 Qb4 31. h4 Rh8 32. Be6 Rc7 33. b3 Kf8 34. Rh2 Rch7 35. Kg2 Be8 36. Qe2 g4 37. h5 Rg7 38. Rh4 Rg5 39. Rfh1 Rh7 40. Kg3 Rhg7 41. R1h2 Qc3 42. Qd2 Qxd2 43. Rxd2 Rxh5 44. Rxg4 Rhg5 45. Rxg5 Rxg5+ 46. Kh3 Ke7 47. Rg2 a5 48. Rxg5 hxg5 49. Kg4 0-1

[Event "SRI-ch"]
[Site "Colombo"]
[Date "2014.03.15"]
[Round "2"]
[White "Koggala, WSVK"]
[Black "Alahakoon, Isuru"]
[Result "1-0"]
[WhiteElo "2021"]
[BlackElo "2083"]
[PlyCount "75"]
[EventDate "2014.03.15"]
[EventType "tourn"]
[EventRounds "13"]
[EventCountry "SRI"]
[SourceTitle "EXT 2016"]
[Source "ChessBase"]
[SourceDate "2015.10.08"]
[SourceVersion "1"]
[SourceVersionDate "2015.10.08"]
[SourceQuality "1"]

1. d4 Nf6 2. Nf3 g6 3. c4 Bg7 4. Nc3 0-0 5. Bf4 c5 6. d5 d6 7. Nd2 e5 8. Bg5 Qb6 9. Qc2 Nh5 10. e4 Nf4 11. g3 Nh3 12. Be3 Na6 13. a3 Bd7 14. b4 Qd8 15. bxc5 Nxc5 16. Bxc5 dxc5 17. Rb1 b6 18. f3 Qg5 19. Qd3 h5 20. Nd1 Bh6 21. Ke2 h4 22. Bxh3 Bxh3 23. Rg1 hxg3 24. Rxg3 Qh5 25. Nf2 Bd7 26. Rbg1 Kh8 27. Ng4 Bg7 28. Nf2 Bh6 29. Ng4 Bg7 30. Nf2 Rg8 31. Nf1 Raf8 32. Ne3 Bh6 33. Neg4 Bxg4 34. fxg4 Qg5 35. h4 Qe7 36. g5 Bg7 37. h5 f5 38. hxg6 1-0

[Event "SRI-ch"]
[Site "Colombo"]
[Date "2012.03.24"]
[Round "4"]
[White "Edirisinghe, Dulan"]
[Black "Koggala, WSVK"]
[Result "1/2-1/2"]
[WhiteElo "2035"]
[BlackElo "2021"]
[PlyCount "80"]
[EventDate "2012.03.23"]
[EventType "tourn"]
[EventRounds "13"]
[EventCountry "SRI"]
[SourceTitle "EXT 2013"]
[Source "ChessBase"]
[SourceDate "2012.11.22"]
[SourceVersion "1"]
[SourceVersionDate "2012.11.22"]
[SourceQuality "1"]

1. d4 c5 2. e3 g6 3. Nf3 Bg7 4. Bd3 d5 5. c3 Qc7 6. 0-0 Bf5 7. Bxf5 gxf5 8. dxc5 Qxc5 9. Qb3 Nd7 10. Qxb7 Rb8 11. Qa6 Ngf6 12. Nd4 Rb6 13. Qxa7 e6 14. b3 0-0 15. Ba3 Qc8 16. Bxf8 Ra6 17. Qxa6 Qxa6 18. Bxg7 Kxg7 19. b4 Qd3 20. a4 e5 21. Nb5 Ne4 22. N1a3 f4 23. Rad1 Qe2 24. Rde1 Qb2 25. Rb1 Qd2 26. Rbd1 Qe2 27. Rde1 Qb2 28. exf4 exf4 29. Rc1 Qe2 30. Rc2 Qd3 31. f3 Qe3+ 32. Kh1 Ng3+ 33. hxg3 fxg3 34. Rd1 Ne5 35. Nd4 Kf6 36. Rcd2 Ng4 37. fxg4 Qh6+ 38. Kg1 Qh2+ 39. Kf1 Qh1+ 40. Ke2 Qxg2+ 1/2-1/2

[Event "SRI-ch"]
[Site "Colombo"]
[Date "2012.03.24"]
[Round "3"]
[White "Koggala, WSVK"]
[Black "Wijekoon, Chandana"]
[Result "0-1"]
[WhiteElo "2021"]
[BlackElo "1997"]
[PlyCount "76"]
[EventDate "2012.03.23"]
[EventType "tourn"]
[EventRounds "13"]
[EventCountry "SRI"]
[SourceTitle "EXT 2013"]
[Source "ChessBase"]
[SourceDate "2012.11.22"]
[SourceVersion "1"]
[SourceVersionDate "2012.11.22"]
[SourceQuality "1"]

1. Nf3 Nf6 2. g3 b6 3. Bg2 Bb7 4. d4 c5 5. dxc5 bxc5 6. c4 d6 7. Nc3 g6 8. 0-0 Bg7 9. Re1 0-0 10. e4 e5 11. Bg5 Nc6 12. Nd5 Nd4 13. Nxd4 cxd4 14. Qf3 Bxd5 15. exd5 h6 16. Bxf6 Bxf6 17. b4 Rc8 18. Rac1 Bg5 19. Rc2 f5 20. Qa3 e4 21. Bxe4 fxe4 22. Rxe4 Bf6 23. Qd3 Bg7 24. Rce2 Qf6 25. h4 Qf3 26. Qxf3 Rxf3 27. Kg2 Rcf8 28. Re8 Rc3 29. c5 d3 30. Rxf8+ Bxf8 31. Rd2 dxc5 32. bxc5 Bxc5 33. Kf3 Kf7 34. Ke4 Ke7 35. f4 Rc4+ 36. Kf3 Rd4 37. g4 Bb4 38. Rd1 d2 0-1

[Event "Ambalangoda Dhamso op 1st"]
[Site "Ambalangoda"]
[Date "2011.04.24"]
[Round "7"]
[White "Jayarathne, MNG"]
[Black "Koggala, WSVK"]
[Result "0-1"]
[WhiteElo "1765"]
[BlackElo "2054"]
[PlyCount "40"]
[EventDate "2011.04.21"]
[EventType "swiss"]
[EventRounds "9"]
[EventCountry "SRI"]
[SourceTitle "CBM 142 Extra"]
[Source "ChessBase"]
[SourceDate "2011.06.27"]
[SourceVersion "1"]
[SourceVersionDate "2011.06.27"]
[SourceQuality "1"]

1. d4 Nf6 2. c4 c5 3. d5 e6 4. Nc3 exd5 5. cxd5 d6 6. e4 g6 7. Bd3 Bg7 8. Nge2 0-0 9. 0-0 Re8 10. Ng3 Na6 11. Bb5 Bd7 12. Bxd7 Qxd7 13. f4 b5 14. a4 b4 15. Qd3 bxc3 16. Qxa6 Nxe4 17. bxc3 Bxc3 18. Rb1 Bd4+ 19. Kh1 Nxg3+ 20. hxg3 Qg4 0-1

[Event "Olympiad-39"]
[Site "Khanty-Mansiysk"]
[Date "2010.09.29"]
[Round "8.2"]
[White "Tan, Khai Boon"]
[Black "Koggala, WSVK"]
[Result "0-1"]
[WhiteElo "2160"]
[BlackElo "2026"]
[PlyCount "70"]
[EventDate "2010.09.21"]
[EventType "team-swiss"]
[EventRounds "11"]
[EventCountry "RUS"]
[SourceTitle "CBM 139"]
[Source "ChessBase"]
[SourceDate "2010.11.18"]
[SourceVersion "1"]
[SourceVersionDate "2010.11.18"]
[SourceQuality "1"]
[WhiteTeam "Malaysia"]
[BlackTeam "Sri Lanka"]
[WhiteTeamCountry "MAS"]
[BlackTeamCountry "SRI"]

1. d4 Nf6 2. c4 c5 3. d5 b5 4. Nf3 g6 5. Nbd2 Qa5 6. e4 d6 7. cxb5 Bg7 8. Bd3 a6 9. a4 axb5 10. Bxb5+ Bd7 11. Bxd7+ Nbxd7 12. 0-0 Nb6 13. Re1 Qb4 14. Re3 Rxa4 15. Rb3 Rxa1 16. Rxb4 cxb4 17. Nd4 0-0 18. N2b3 Ra4 19. f3 Rfa8 20. Qc2 Nfd7 21. Bg5 Nc5 22. Be3 Nxb3 23. Nxb3 Rc8 24. Qb1 Nc4 25. Bc1 Na5 26. Nxa5 Rxa5 27. Bd2 Rac5 28. Qd3 Rc2 29. b3 Bc3 30. Bh6 Ra2 31. h4 Bg7 32. Bxg7 Kxg7 33. Qd4+ f6 34. Qxb4 Rcc2 35. g4 Ra1+ 0-1

[Event "Olympiad-39"]
[Site "Khanty-Mansiysk"]
[Date "2010.09.25"]
[Round "5.1"]
[White "Koggala, WSVK"]
[Black "Arakhamia Grant, Ketevan"]
[Result "0-1"]
[WhiteElo "2026"]
[BlackElo "2451"]
[PlyCount "78"]
[EventDate "2010.09.21"]
[EventType "team-swiss"]
[EventRounds "11"]
[EventCountry "RUS"]
[SourceTitle "CBM 139"]
[Source "ChessBase"]
[SourceDate "2010.11.18"]
[SourceVersion "1"]
[SourceVersionDate "2010.11.18"]
[SourceQuality "1"]
[WhiteTeam "Sri Lanka"]
[BlackTeam "Scotland"]
[WhiteTeamCountry "SRI"]
[BlackTeamCountry "SCO"]

1. d4 Nf6 2. Bf4 g6 3. e3 Bg7 4. Nf3 d6 5. h3 0-0 6. Be2 Nfd7 7. 0-0 e5 8. Bh2 Nc6 9. c4 e4 10. Nfd2 f5 11. b4 Kh8 12. b5 Ne7 13. Nc3 g5 14. a4 Ng6 15. a5 Nf6 16. Qb3 Re8 17. b6 f4 18. bxc7 Qxc7 19. Rfb1 Bh6 20. Nb5 Qd7 21. Qb4 Bf8 22. Bf1 a6 23. Nc3 Qf5 24. Na4 g4 25. Nb6 Rb8 26. Nd5 Nxd5 27. hxg4 Qxg4 28. cxd5 f3 29. Qa4 Bd7 30. Qd1 Be7 31. Rb6 Nh4 32. Bg3 Rg8 33. gxf3 Nxf3+ 34. Nxf3 exf3 35. Rab1 Bh4 36. Qe1 Bxg3 37. fxg3 Qh4 38. e4 Rxg3+ 39. Kf2 Qh2+ 0-1

[Event "WUCC op 11th"]
[Site "Zuerich"]
[Date "2010.09.11"]
[Round "9"]
[White "Kukov, Velislav"]
[Black "Koggala, WSVK"]
[Result "1-0"]
[WhiteElo "2395"]
[BlackElo "2026"]
[PlyCount "113"]
[EventDate "2010.09.05"]
[EventType "swiss"]
[EventRounds "9"]
[EventCountry "SUI"]
[SourceTitle "CBM 138 Extra"]
[Source "ChessBase"]
[SourceDate "2010.10.29"]
[SourceVersion "1"]
[SourceVersionDate "2010.10.29"]
[SourceQuality "1"]

1. d4 Nf6 2. Nf3 c5 3. c3 d5 4. Bf4 Qb6 5. Qb3 c4 6. Qxb6 axb6 7. Nbd2 Bf5 8. a3 h6 9. h3 Nc6 10. g4 Bh7 11. Bg2 b5 12. Rc1 e6 13. Ne5 Nxe5 14. Bxe5 Nd7 15. Bc7 Rc8 16. Bg3 Nb6 17. e4 Na4 18. Rb1 Kd7 19. 0-0 Ra8 20. Rfc1 Be7 21. Re1 f6 22. Re3 Ra5 23. f4 Bd6 24. f5 Bxg3 25. Rxg3 Kd6 26. Kf2 Re8 27. h4 exf5 28. gxf5 Re7 29. Bf3 Ra8 30. Rgg1 dxe4 31. Nxe4+ Kd7 32. b3 Bxf5 33. bxa4 Bxe4 34. Bxe4 Rxe4 35. Rxg7+ Ke6 36. d5+ Kd6 37. Rxb7 Rxh4 38. R1xb5 Rxa4 39. R7b6+ Ke7 40. Rc6 Ra7 41. Re6+ Kf7 42. Rbb6 Rf4+ 43. Ke3 Rf1 44. Kd4 Rf4+ 45. Re4 Rxe4+ 46. Kxe4 Rxa3 47. Kd4 Ra4 48. Rb7+ Kg6 49. d6 h5 50. d7 Ra8 51. Kxc4 Rd8 52. Kd5 Kf7 53. Kd6 h4 54. Rb4 Ra8 55. Rxh4 Ra6+ 56. Kc7 Ra7+ 57. Kb8 1-0

[Event "WUCC op 11th"]
[Site "Zuerich"]
[Date "2010.09.07"]
[Round "4"]
[White "Akkozov, Berik"]
[Black "Koggala, WSVK"]
[Result "1-0"]
[WhiteElo "2288"]
[BlackElo "2026"]
[PlyCount "85"]
[EventDate "2010.09.05"]
[EventType "swiss"]
[EventRounds "9"]
[EventCountry "SUI"]
[SourceTitle "CBM 138 Extra"]
[Source "ChessBase"]
[SourceDate "2010.10.29"]
[SourceVersion "1"]
[SourceVersionDate "2010.10.29"]
[SourceQuality "1"]

1. d4 Nf6 2. Nf3 c5 3. d5 g6 4. c4 b5 5. Nbd2 Qa5 6. Qc2 Na6 7. e4 Nb4 8. Qb1 bxc4 9. Bxc4 Ba6 10. 0-0 Bxc4 11. Nxc4 Qb5 12. b3 Bg7 13. Bb2 d6 14. a3 Na6 15. Bc3 0-0 16. Qb2 Rfb8 17. Nfd2 Nh5 18. f4 Nc7 19. f5 Bxc3 20. Qxc3 Qd7 21. a4 Nf6 22. Qd3 Rb4 23. Rf3 Rab8 24. Raf1 Rf8 25. Qe2 Rbb8 26. Kh1 Kg7 27. Na5 Ng4 28. Nc6 Rb7 29. Nc4 Na6 30. fxg6 hxg6 31. h3 Nf6 32. Nxd6 exd6 33. Rxf6 Rxb3 34. Qxa6 Rxh3+ 35. Kg1 Qg4 36. Qb7 Rg3 37. Rxf7+ Rxf7 38. Rxf7+ Kh6 39. Rh7+ Kg5 40. Qe7+ Kf4 41. Qxd6+ Ke3 42. Qxg3+ Qxg3 43. Rh3 1-0

[Event "WUCC op 11th"]
[Site "Zuerich"]
[Date "2010.09.06"]
[Round "2"]
[White "Pitra, Andika"]
[Black "Koggala, WSVK"]
[Result "1-0"]
[WhiteElo "2283"]
[BlackElo "2026"]
[PlyCount "118"]
[EventDate "2010.09.05"]
[EventType "swiss"]
[EventRounds "9"]
[EventCountry "SUI"]
[SourceTitle "CBM 138 Extra"]
[Source "ChessBase"]
[SourceDate "2010.10.29"]
[SourceVersion "1"]
[SourceVersionDate "2010.10.29"]
[SourceQuality "1"]

1. e4 e6 2. d3 d5 3. Nd2 b6 4. g3 Bb7 5. Bg2 Nd7 6. Ngf3 dxe4 7. dxe4 Ngf6 8. 0-0 Nxe4 9. Nxe4 Bxe4 10. Qe2 Bb7 11. Re1 Be7 12. Bf4 0-0 13. Rad1 Qc8 14. Nd4 Nc5 15. Nc6 Qe8 16. Qf3 a5 17. c3 Bd8 18. b4 axb4 19. cxb4 Na6 20. a3 Kh8 21. Qc3 Bf6 22. Qc2 Qc8 23. Be5 Bxe5 24. Rxe5 Re8 25. Rh5 h6 26. Qc1 Kg8 27. Rd8 Rxd8 28. Ne7+ Kf8 29. Nxc8 Bxg2 30. Kxg2 Raxc8 31. Qc4 Nb8 32. a4 Nd7 33. a5 Nf6 34. Re5 bxa5 35. bxa5 Kg8 36. Rc5 Nd5 37. a6 Ra8 38. Ra5 Ra7 39. h4 Rb8 40. Ra3 Rb6 41. Ra4 Rb2 42. Qc6 Rb6 43. Qe8+ Kh7 44. Qxf7 Nf6 45. Rf4 e5 46. Rf5 Rbxa6 47. Rxe5 c5 48. Qc4 Ra2 49. Rxc5 R7a4 50. Qd3+ Ne4 51. Re5 Rxf2+ 52. Kh3 Rd2 53. Qb1 Rdd4 54. Re8 Rab4 55. Qa2 Nf6 56. Qc2+ Re4 57. Rc8 Rb7 58. Qc5 g6 59. Rf8 Nh5 1-0